Proceeding of the national conference on applied mathematics (NCAM 2010) 28-29 January 2010 / (Record no. 42248)

MARC details
000 -LEADER
fixed length control field 00920nam a22002417a 4500
005 - DATE AND TIME OF LATEST TRANSACTION
control field 20100816162421.0
010 ## - LCCN (DPL NO)
LC control number ENG-100704
020 ## - INTERNATIONAL STANDARD BOOK NUMBER
International Standard Book Number 9788184245707
Terms of availability 1350.00
035 ## - SYSTEM CONTROL NUMBER
System control number EN-84237
037 ## - SOURCE OF ACQUISITION
Source of stock number/acquisition DBAD/PUB
082 ## - DEWEY DECIMAL CLASSIFICATION NUMBER
Classification number 510
100 ## - MAIN ENTRY--PERSONAL NAME
Personal name Applied mathematics (Chennai : 28-29 January 2010)
245 ## - TITLE STATEMENT
Title Proceeding of the national conference on applied mathematics (NCAM 2010) 28-29 January 2010 /
Statement of responsibility, etc edited by S. Rajasekaran, A. A. Sathakathulla [and] A. Saibulla
260 ## - PUBLICATION, DISTRIBUTION, ETC. (IMPRINT)
Place of publication, distribution, etc New Delhi
Name of publisher, distributor, etc Allied Publishers
Date of publication, distribution, etc 2010
270 ## - ADDRESS
Address 1/13-14 Asaf Ali Rod
City New Delhi
Postal code 110002
300 ## - PHYSICAL DESCRIPTION
Extent xv, 251 p.
Dimensions 28cm (Hb)
500 ## - GENERAL NOTE
General note Includes index
700 ## - ADDED ENTRY--PERSONAL NAME
Personal name S. Rajasekaran
9 (RLIN) 14172
700 ## - ADDED ENTRY--PERSONAL NAME
Personal name Sathakathulla, A. A.
9 (RLIN) 14225
700 ## - ADDED ENTRY--PERSONAL NAME
Personal name Saibulla, A.
9 (RLIN) 14226
942 ## - ADDED ENTRY ELEMENTS (KOHA)
Source of classification or shelving scheme Dewey Decimal Classification
Item type English Books
Classification part 510
Call number suffix PRO
Holdings
Withdrawn status Lost status Not for loan Collection code Home library Current library Date acquired Cost, normal purchase price Full call number Barcode Copy number Cost, replacement price Koha item type
    Not For Loan Non-fiction D.B.Act.Division D.B.Act.Division 17/08/2010 1350.00 510 PRO EN-84237 1 1350.00 English Books

© Delhi Public Library
Hit Counter
free hit counter